000 00641nam a2200121Ia 4500
008 171212s9999 xx 000 0 und d
100 _aMiller, Diane Helene
245 _cMiller, Diane Helene
_aFreedom to Differ
_bThe Shaping of the Gay and Lesbian Struggle for Civil Rights
260 _bNew York University Press
_c1998
650 _aGay rights -- United States -- History; Lesbians -- Legal status, laws, etc. -- United States; Women’s rights -- United States -- History; Lesbian feminism -- United States; Achtenberg, Roberta; Cammermeyer, Margarethe, 1942–
650 _aSociology
856 _uhttp://www.jstor.org/stable/j.ctt9qfg14
999 _c351535
_d351535